[Event "Copenhagen Killer Chess op"]
[Site "Copenhagen"]
[Date "2023.10.14"]
[Round "1"]
[White "Chatalbashev, Boris"]
[Black "Chitsazian, Daniel"]
[Result "1/2-1/2"]
[WhiteElo "2467"]
[BlackElo "2100"]
[PlyCount "196"]
[EventDate "2023.10.14"]
[EventType "swiss"]
[EventRounds "9"]
[EventCountry "DEN"]
[SourceTitle "Mega2024 Update 01"]
[Source "Chessbase"]
[SourceDate "2023.11.12"]
[SourceVersion "1"]
[SourceVersionDate "2023.11.12"]
[SourceQuality "1"]

1. d4 d5 2. c4 e6 3. Nc3 a6 4. cxd5 exd5 5. Nf3 c6 6. Bf4 Bd6 7. Bxd6 Qxd6 8. e3 Ne7 9. Be2 0-0 10. 0-0 Bg4 11. Qb3 Nd7 12. Rac1 Bxf3 13. Bxf3 Nf6 14. Na4 Rab8 15. Nc5 Nf5 16. Qd3 g6 17. Rfe1 Rfe8 18. b4 Qd8 19. a4 Nd6 20. Bd1 h5 21. f3 Qb6 22. Rb1 a5 23. b5 cxb5 24. axb5 Rbd8 25. Bb3 Qxb5 26. Qxb5 Nxb5 27. Nxb7 Ra8 28. Ba4 Nc3 29. Bxe8 Nxb1 30. Bxf7+ Kxf7 31. Rxb1 Ke7 32. Nc5 a4 33. Rb7+ Kd6 34. Rb6+ Ke7 35. Re6+ Kf7 36. Ra6 Rxa6 37. Nxa6 Nd7 38. Kf2 Ke6 39. Ke2 Kd6 40. Kd3 Nb6 41. e4 Kc6 42. Nb4+ Kd6 43. h4 Ke6 44. Nc2 Nd7 45. Na3 Nb6 46. Nb5 dxe4+ 47. fxe4 Nd7 48. Ke3 Nf6 49. Kf4 Kf7 50. d5 Ke7 51. Ke5 Nd7+ 52. Kd4 Kf6 53. Na3 Ne5 54. Nc4 Nd7 55. e5+ Ke7 56. Na3 Nb6 57. e6 Nc8 58. Nc4 Na7 59. Kc5 Nc8 60. Kb4 Kf6 61. Kxa4 Ne7 62. Ne3 Nxd5 63. Nxd5+ Kxe6 64. Ne3 Ke5 65. Kb4 Kf4 66. Nf1 Kg4 67. Kc4 Kxh4 68. Kd3 Kg4 69. Ke3 h4 70. Kf2 g5 71. Nh2+ Kf4 72. Nf3 Kg4 73. Ne5+ Kf4 74. Nd3+ Kg4 75. Ne5+ Kf4 76. Nc4 Kg4 77. Ne3+ Kf4 78. Nf1 Kg4 79. Kg1 Kf4 80. Kh2 g4 81. Nd2 Ke3 82. Nc4+ Kd4 83. Nd6 Ke5 84. Nf7+ Kf6 85. Nd8 Ke7 86. Nc6+ Kd6 87. Nb4 Ke5 88. Kg1 Kf4 89. Nd5+ Ke5 90. Ne3 Kf4 91. Kf2 Kg5 92. Nf1 Kf4 93. Nd2 Kf5 94. Nb1 Kf4 95. Nc3 Ke5 96. Nd1 Ke4 97. Ne3 h3 98. Nxg4 hxg2 1/2-1/2

[Event "GER-ch U18"]
[Site "Willingen"]
[Date "2023.05.31"]
[Round "6"]
[White "Grossmann, Piet"]
[Black "Chitsazian, Daniel"]
[Result "1/2-1/2"]
[WhiteElo "1936"]
[BlackElo "1900"]
[PlyCount "136"]
[EventDate "2023.05.28"]
[EventType "swiss"]
[EventRounds "9"]
[EventCountry "GER"]
[SourceTitle "CBM 214 Extra"]
[Source "ChessBase"]
[SourceDate "2023.07.31"]
[SourceVersion "1"]
[SourceVersionDate "2023.07.31"]
[SourceQuality "1"]

1. e4 c6 2. Nf3 d5 3. exd5 cxd5 4. Ne5 Nc6 5. d4 Nf6 6. Bb5 Bd7 7. Nxd7 Qxd7 8. c3 e6 9. 0-0 Bd6 10. Nd2 Qc7 11. g3 h5 12. Nf3 h4 13. Nxh4 Ne4 14. Ng2 g5 15. Bd3 f5 16. Bxe4 Qh7 17. h4 gxh4 18. gxh4 fxe4 19. Bg5 Qf5 20. f4 Qh3 21. Qe2 Kd7 22. Rae1 Rag8 23. Qe3 Qg4 24. Qe2 Qf5 25. Ne3 Qg6 26. Qg4 Ne7 27. Rf2 Nf5 28. Nxf5 exf5 29. Qg3 Qh7 30. Rg2 Qf7 31. Qe3 Kc8 32. Qe2 Qc7 33. Qb5 Qc6 34. Qxc6+ bxc6 35. Ree2 c5 36. Kf2 Kd7 37. Ke3 cxd4+ 38. cxd4 Be7 39. Rh2 Rh5 40. Rc2 Bd6 41. Rhg2 Be7 42. Bxe7 Rxg2 43. Rxg2 Kxe7 44. Rg7+ Kd6 45. Rxa7 Rxh4 46. Ra6+ Ke7 47. Ra7+ Kd6 48. Ra6+ Kd7 49. Ra7+ Kc6 50. b3 Rh3+ 51. Ke2 Rd3 52. Ra6+ Kb5 53. Rf6 Rxd4 54. Rxf5 Rd3 55. Re5 Kc5 56. Re8 Rf3 57. Rf8 Kd4 58. a4 Rxb3 59. f5 Rb2+ 60. Kd1 Ra2 61. f6 Rxa4 62. f7 Ra7 63. Kd2 e3+ 64. Ke2 Ra2+ 65. Kf1 Ra7 66. Ke2 Ra2+ 67. Kf1 Ra1+ 68. Ke2 Ra2+ 1/2-1/2

[Event "La Palma Island op"]
[Site "Santa Cruz de La Palma"]
[Date "2022.08.09"]
[Round "6"]
[White "Chitsazian, Daniel"]
[Black "Perez Bolanos, Joel"]
[Result "1/2-1/2"]
[WhiteElo "1755"]
[BlackElo "2062"]
[PlyCount "75"]
[EventDate "2022.08.06"]
[EventType "swiss"]
[EventRounds "9"]
[EventCountry "ESP"]
[SourceTitle "CBM 209 Extra"]
[Source "ChessBase"]
[SourceDate "2022.09.30"]
[SourceVersion "1"]
[SourceVersionDate "2022.09.30"]
[SourceQuality "1"]

1. e4 c5 2. Nf3 e6 3. d4 cxd4 4. Nxd4 Nf6 5. Bd3 Nc6 6. Be3 Qc7 7. Nb5 Qb8 8. c4 a6 9. N5c3 Be7 10. 0-0 0-0 11. f4 d6 12. g4 Nd7 13. a3 b6 14. Rf3 Rd8 15. g5 Nf8 16. Nd2 Bb7 17. Rh3 Qc7 18. Qh5 Rab8 19. e5 g6 20. Qh6 dxe5 21. Nde4 f5 22. gxf6 Bc5 23. Bxc5 bxc5 24. Ng5 Rd7 25. Nce4 Nd4 26. f7+ Rxf7 27. Nxf7 Qxf7 28. Ng5 Qg7 29. Qxg7+ Kxg7 30. fxe5 h6 31. Ne4 Nd7 32. Rb1 Bxe4 33. Bxe4 Nxe5 34. b3 a5 35. Re3 Ng4 36. Rd3 Ne5 37. Re3 Ng4 38. Rd3 1/2-1/2

[Event "Reinstorf op"]
[Site "Reinstorf"]
[Date "2022.02.05"]
[Round "8"]
[White "Chitsazian, Daniel"]
[Black "Ploder, Udo"]
[Result "1-0"]
[WhiteElo "1594"]
[BlackElo "1873"]
[PlyCount "56"]
[EventDate "2022.01.29"]
[EventType "swiss"]
[EventRounds "9"]
[EventCountry "GER"]
[SourceTitle "CBM 206 Extra"]
[Source "ChessBase"]
[SourceDate "2022.03.31"]
[SourceVersion "1"]
[SourceVersionDate "2022.03.31"]
[SourceQuality "1"]

1. c4 e5 2. Nc3 Nf6 3. g3 c6 4. Nf3 e4 5. Nd4 d5 6. cxd5 cxd5 7. d3 Nc6 8. Nxc6 bxc6 9. Bg2 Bf5 10. dxe4 dxe4 11. Qa4 Qb6 12. 0-0 Bb4 13. Be3 Qb7 14. Bd4 Bxc3 15. bxc3 Qb5 16. Qb4 Qxb4 17. cxb4 0-0 18. Rfc1 Nd5 19. Be5 Rfc8 20. Bd6 a5 21. a3 f6 22. e3 Kf7 23. Rab1 axb4 24. axb4 Ke6 25. Bc5 Rcb8 26. Rc4 Ke5 27. Rbc1 Nxb4 28. Rxb4 Kd5 1-0

[Event "Reinstorf Blitz op"]
[Site "Reinstorf"]
[Date "2022.02.04"]
[Round "4"]
[White "Klein, Gernot"]
[Black "Chitsazian, Daniel"]
[Result "1/2-1/2"]
[WhiteElo "1867"]
[BlackElo "1594"]
[PlyCount "112"]
[EventDate "2022.01.29"]
[EventType "swiss (blitz)"]
[EventRounds "9"]
[EventCountry "GER"]
[SourceTitle "CBM 206 Extra"]
[Source "ChessBase"]
[SourceDate "2022.03.31"]
[SourceVersion "1"]
[SourceVersionDate "2022.03.31"]
[SourceQuality "1"]

1. e4 c5 2. Nf3 Nc6 3. Nc3 g6 4. d4 cxd4 5. Nxd4 Bg7 6. Be3 d6 7. Bc4 a6 8. Bb3 Nf6 9. f3 Qc7 10. Qd2 b5 11. 0-0-0 h5 12. Kb1 Na5 13. h3 Nc4 14. Bxc4 Qxc4 15. g4 h4 16. g5 Nd7 17. Nd5 Bb7 18. b3 Qc8 19. f4 e6 20. Nc3 b4 21. Na4 a5 22. f5 Bxe4 23. fxe6 Bxh1 24. exd7+ Qxd7 25. Rxh1 Qb7 26. Re1 0-0 27. Nb2 Ra6 28. Ne2 Re8 29. Bd4 Bxd4 30. Qxd4 Qf3 31. Qd1 Qxh3 32. Nf4 Rxe1 33. Qxe1 Qg3 34. Qxg3 hxg3 35. Kc1 Ra7 36. Kd2 Re7 37. Nbd3 Kg7 38. Ng2 Re4 39. Ndf4 f6 40. gxf6+ Kxf6 41. Kd3 Re5 42. Ne3 g5 43. Nfg2 d5 44. Ng4+ Ke6 45. Nxe5 Kxe5 46. Ke3 g4 47. Kd3 Ke6 48. Kd4 Kd6 49. Nf4 Kc6 50. Ng2 Kd6 51. Nh4 Ke6 52. Ke3 Ke5 53. Ng2 Kf5 54. Nh4+ Kg5 55. Ng2 Kf5 56. Kd4 Ke6 1/2-1/2

[Event "DSOL 08 Liga Gr-A 1st"]
[Site "Playchess.com INT"]
[Date "2020.07.09"]
[Round "3.4"]
[White "Kilic, Hasan"]
[Black "Chitsazian, Daniel"]
[Result "1-0"]
[WhiteElo "1030"]
[BlackElo "1143"]
[PlyCount "83"]
[EventDate "2020.06.22"]
[EventType "team-tourn (rapid)"]
[EventCountry "GER"]
[SourceTitle "EXT 2021"]
[Source "ChessBase"]
[SourceDate "2020.10.23"]
[SourceVersion "1"]
[SourceVersionDate "2020.10.23"]
[SourceQuality "1"]
[WhiteTeam "Kreuzberg III"]
[BlackTeam "Werder Bremen III"]
[WhiteTeamCountry "GER"]
[BlackTeamCountry "GER"]

1. Nf3 d5 2. b3 Nc6 3. Bb2 Bf5 4. e3 e6 5. Be2 Nf6 6. 0-0 Bd6 7. d4 Qe7 8. Nbd2 Nb4 9. c4 c6 10. a3 Bc2 11. Qc1 Bd3 12. Bxd3 Nxd3 13. Qc2 Nxb2 14. Qxb2 b6 15. cxd5 exd5 16. Ne5 c5 17. Nef3 0-0 18. a4 Qc7 19. h3 Rfe8 20. Rac1 Qd7 21. Rfd1 Qe7 22. Qa2 Ne4 23. Nxe4 Qxe4 24. Qc2 cxd4 25. Rxd4 Qe6 26. Ng5 Qe5 27. Qxh7+ Kf8 28. Nf3 Qe6 29. Qh8+ Ke7 30. Qxg7 Rg8 31. Qh7 Kd7 32. Rcd1 Kc6 33. Qc2+ Bc5 34. b4 Qxh3 35. Nh4 Rg7 36. bxc5 bxc5 37. Rxd5 Rh8 38. Qxc5+ Kb7 39. Rd7+ Qxd7 40. Rxd7+ Kb8 41. Qxa7+ Kc8 42. Qb7# 1-0